[Event "HSK Oster Open 2025"]
[Site "HSK Schachzentrum"]
[Date "2025.04.18"]
[Round "2.1"]
[White "Colpe, Malte"]
[Black "Richter, Thomas"]
[Result "1-0"]
[WhiteElo "2373"]
[BlackElo "1876"]
[PlyCount "41"]
[EventDate "2025.04.18"]

1. d4 Nf6 2. Nf3 e6 3. Bf4 d5 4. e3 Bd6 5. Nbd2 Bxf4 6. exf4 Nc6 7. c3 Bd7 8.
Bd3 Ne7 9. Qe2 c6 10. Ne5 g6 11. Ndf3 O-O 12. O-O-O Nf5 13. h4 Ng7 14. Rde1 Qc7
15. Kb1 Rae8 16. Qd2 Re7 17. h5 Nfxh5 18. g4 Nxf4 19. Qxf4 f5 20. Qh6 Ne8 21.
Nxg6 1-0

[Event "HSK Oster Open 2025"]
[Site "HSK Schachzentrum"]
[Date "2025.04.18"]
[Round "2.2"]
[White "Rudolph, Max"]
[Black "Koniahli, Malek"]
[Result "0-1"]
[WhiteElo "1864"]
[BlackElo "2309"]
[PlyCount "116"]
[EventDate "2025.04.18"]

1. e4 c5 2. b3 Nc6 3. Bb2 a6 4. Nc3 e6 5. Nf3 Qc7 6. Be2 Nf6 7. O-O Bd6 8. Re1
Ng4 9. h3 Nge5 10. Rb1 O-O 11. a4 b6 12. Nxe5 Bxe5 13. Bc4 Bb7 14. Ne2 Bxb2 15.
Rxb2 Qe5 16. Nc3 Nd4 17. Rb1 f5 18. Bd3 Qf6 19. Qh5 g6 20. Qh6 fxe4 21. Nxe4
Bxe4 22. Bxe4 d5 23. Bd3 Qxf2+ 24. Kh2 Qf6 25. Qe3 Rae8 26. c3 Nf5 27. Qe5
Qxe5+ 28. Rxe5 a5 29. Rbe1 Ng7 30. Bb5 Rd8 31. R5e2 Kf7 32. Kg1 Ke7 33. Re5 Kd6
34. Bd3 Rf4 35. R5e3 Rdf8 36. Rf1 Rxf1+ 37. Bxf1 e5 38. Re2 e4 39. Rf2 Rf5 40.
Be2 Ke5 41. Bg4 Rxf2 42. Kxf2 h5 43. Bd7 h4 44. g3 g5 45. Bc8 d4 46. Bb7 Nf5
47. gxh4 gxh4 48. Ba6 Kf4 49. Bb5 e3+ 50. dxe3+ dxe3+ 51. Ke1 Nd6 52. Bd3 Ne4
53. c4 Nd2 54. Bc2 Nf3+ 55. Kf1 e2+ 56. Kxe2 Nd4+ 57. Kd2 Nxc2 58. Kxc2 Kg3 0-1

[Event "HSK Oster Open 2025"]
[Site "HSK Schachzentrum"]
[Date "2025.04.18"]
[Round "2.3"]
[White "Holinka, Henning"]
[Black "Haertel, Leon"]
[Result "1-0"]
[WhiteElo "2292"]
[BlackElo "1855"]
[Annotator "HSK-Turnier"]
[PlyCount "77"]
[EventDate "2025.04.18"]

1. e4 c5 2. Nf3 Nc6 3. d4 cxd4 4. Nxd4 g6 5. c4 Bg7 6. Be3 Qb6 7. Nb3 Qd8 8.
Nd4 Qb6 9. Nb3 Qd8 10. Qd2 Nf6 11. Nc3 d6 12. f3 O-O 13. Be2 b6 14. O-O Be6 15.
Nd4 Nxd4 16. Bxd4 Rc8 17. b3 Nd7 18. Be3 Nc5 19. Rac1 Qd7 20. Nd5 Bxd5 21. cxd5
f5 22. b4 Na4 23. Bd4 Bxd4+ 24. Qxd4 fxe4 25. fxe4 Rxc1 26. Rxc1 Rc8 27. Rc6 e5
28. Qc4 Rf8 29. Rc7 Qd8 30. Rxa7 Qf6 31. Bf3 b5 32. Qc7 Rf7 33. Qb8+ Kg7 34.
Rxf7+ Qxf7 35. Qxd6 Qf4 (35... Qf5) 36. Qe7+ Kh6 37. h4 Qe3+ 38. Kh2 Qf4+ 39.
Kh3 1-0

[Event "HSK Oster Open 2025"]
[Site "HSK Schachzentrum"]
[Date "2025.04.18"]
[Round "2.4"]
[White "Strate, Gerda"]
[Black "Bracker, Arne"]
[Result "0-1"]
[WhiteElo "1848"]
[BlackElo "2289"]
[PlyCount "94"]
[EventDate "2025.04.18"]

1. e4 e5 2. Nf3 Nc6 3. Bb5 a6 4. Ba4 Nf6 5. O-O b5 6. Bb3 Bc5 7. d3 d6 8. h3
O-O 9. Nc3 h6 10. Nd5 Rb8 11. c3 Nxd5 12. Bxd5 Ne7 13. Bb3 Bb6 14. d4 Ng6 15.
dxe5 dxe5 16. Qe2 Qf6 17. Be3 Nf4 18. Bxf4 Qxf4 19. Nh2 Bb7 20. Rae1 Rbd8 21.
Qg4 Rd2 22. Qxf4 exf4 23. Nf3 Rxb2 24. Ne5 a5 25. Nd3 Rd2 26. Nxf4 a4 27. Rd1
Rxd1 28. Bxd1 Bxe4 29. Be2 c6 30. Rd1 Rd8 31. Nd3 Kf8 32. Kf1 Ba5 33. Nb4 Rxd1+
34. Bxd1 Ke7 35. f3 Bxb4 36. cxb4 Bd3+ 37. Kf2 Kd6 38. g3 Kd5 39. Ke3 Bc4 40.
a3 c5 41. bxc5 Kxc5 42. Kd2 b4 43. Bxa4 bxa3 44. Kc3 a2 45. Kb2 Kd4 46. g4 g5
47. Bc6 Ke3 0-1

[Event "HSK Oster Open 2025"]
[Site "HSK Schachzentrum"]
[Date "2025.04.18"]
[Round "2.5"]
[White "Kotyk, Michael"]
[Black "Knaak, Michael"]
[Result "1-0"]
[WhiteElo "2239"]
[BlackElo "1842"]
[PlyCount "51"]
[EventDate "2025.04.18"]

1. d4 e6 2. c4 f5 3. Nc3 Nf6 4. Nf3 Be7 5. g3 d6 6. Bg2 O-O 7. O-O Ne4 8. Qb3
Kh8 9. h4 c6 10. Nxe4 fxe4 11. Ng5 d5 12. f3 h6 13. Nh3 exf3 14. exf3 Bf6 15.
Be3 e5 16. cxd5 exd4 17. Bf2 Bxh3 18. Bxh3 Qb6 19. Rad1 Qxb3 20. axb3 c5 21. b4
b6 22. bxc5 bxc5 23. Ra1 Rf7 24. Rfc1 Rc7 25. f4 a5 26. d6 1-0

[Event "HSK Oster Open 2025"]
[Site "HSK Schachzentrum"]
[Date "2025.04.18"]
[Round "2.6"]
[White "Skibbe, Kai"]
[Black "Keyser, Robin"]
[Result "0-1"]
[WhiteElo "1840"]
[BlackElo "2169"]
[PlyCount "92"]
[EventDate "2025.04.18"]

1. d4 d5 2. Bf4 c5 3. e3 cxd4 4. exd4 Nc6 5. c3 Nf6 6. Bd3 Bg4 7. Qb3 Qd7 8.
Nd2 e6 9. Ngf3 Bd6 10. Ne5 Qc7 11. Nxg4 Bxf4 12. Nxf6+ gxf6 13. g3 Bxd2+ 14.
Kxd2 O-O-O 15. f4 h5 16. Rae1 h4 17. Qc2 Rdg8 18. Rhg1 hxg3 19. hxg3 Rh3 20.
Re3 Kb8 21. Kd1 Ne7 22. Qf2 f5 23. Kc1 Ng6 24. Rf3 Rgh8 25. Bf1 Rh2 26. Rg2
R2h6 27. Rg1 a6 28. Re3 Ne7 29. Rf3 Ng8 30. Bd3 Nf6 31. Rg2 Rh1+ 32. Rg1 Ng4
33. Qe1 R1h2 34. Be2 Qa5 35. Kb1 Qa4 36. Rd3 Nf2 37. Rd2 Ne4 38. Rc2 Qe8 39.
Bd3 Qg8 40. Bxe4 fxe4 41. Rxh2 Rxh2 42. g4 Qh7 43. Qe3 Rh3 44. Rg3 Rh1+ 45. Kc2
Qh2+ 46. Kb3 Rb1 0-1

[Event "HSK Oster Open 2025"]
[Site "HSK Schachzentrum"]
[Date "2025.04.18"]
[Round "2.8"]
[White "Kellner, Anton"]
[Black "Holmsgaard, Henrik"]
[Result "1/2-1/2"]
[WhiteElo "1797"]
[BlackElo "2146"]
[PlyCount "33"]
[EventDate "2025.04.18"]

1. d4 d5 2. c4 e6 3. Nf3 c5 4. e3 Nc6 5. Nc3 Nf6 6. Bd3 dxc4 7. Bxc4 a6 8. dxc5
Qxd1+ 9. Kxd1 Bxc5 10. Ke2 b5 11. Bd3 Bb7 12. a3 Ke7 13. b4 Bd6 14. Bb2 Rhd8
15. Rhd1 g6 16. Rac1 Rac8 17. g3 1/2-1/2

[Event "HSK Oster Open 2025"]
[Site "HSK Schachzentrum"]
[Date "2025.04.18"]
[Round "2.9"]
[White "Kahlert, Thomas"]
[Black "Heins, Simon"]
[Result "1/2-1/2"]
[WhiteElo "2104"]
[BlackElo "1777"]
[PlyCount "74"]
[EventDate "2025.04.18"]

1. c4 c5 2. Nf3 Nf6 3. Nc3 Nc6 4. g3 g6 5. Bg2 Bg7 6. O-O O-O 7. d4 cxd4 8.
Nxd4 a6 9. b3 Ne4 10. Bxe4 Nxd4 11. Bb2 d6 12. Qd2 Rb8 13. Nd5 Ne6 14. Bxg7
Kxg7 15. Bg2 Bd7 16. Rac1 Bc6 17. Rfd1 Nc7 18. h4 Nxd5 19. cxd5 Bd7 20. h5 h6
21. Qd4+ Kh7 22. Be4 Bb5 23. Rc3 Qe8 24. Rd2 Rc8 25. Rf3 f5 26. Bc2 Bd7 27. e4
fxe4 28. Rxf8 Qxf8 29. Bxe4 Bf5 30. hxg6+ Kg8 31. Re2 Bg4 32. Re3 Rc1+ 33. Kg2
Rd1 34. Rd3 Re1 35. Rc3 h5 36. f3 Re2+ 37. Kg1 Bh3 1/2-1/2

[Event "HSK Oster Open 2025"]
[Site "HSK Schachzentrum"]
[Date "2025.04.18"]
[Round "2.10"]
[White "Malchereck, Zion"]
[Black "Wang, Kaiwen"]
[Result "1-0"]
[WhiteElo "2063"]
[BlackElo "1749"]
[PlyCount "73"]
[EventDate "2025.04.18"]

1. e4 e5 2. Nf3 Nc6 3. Bc4 Bc5 4. d3 Nf6 5. Bg5 h6 6. Bh4 g5 7. Bg3 d6 8. O-O
Bg4 9. Nbd2 Nh5 10. c3 Nxg3 11. hxg3 h5 12. b4 Bb6 13. a4 a5 14. b5 Nb8 15. Qb3
f6 16. Bf7+ Ke7 17. Nc4 Nd7 18. Bd5 Rb8 19. Rad1 h4 20. d4 Qf8 21. Ne3 Bxf3 22.
Nf5+ Kd8 23. gxf3 hxg3 24. fxg3 c6 25. Be6 c5 26. dxc5 Nxc5 27. Qc4 Nxa4+ 28.
Kg2 Nb2 29. Qd5 Nxd1 30. Rxd1 Bc7 31. b6 Rh7 32. bxc7+ Kxc7 33. Nxd6 a4 34.
Qc5+ Kd8 35. Nf5+ Ke8 36. Qb5+ Rd7 37. Qxd7# 1-0

[Event "HSK Oster Open 2025"]
[Site "HSK Schachzentrum"]
[Date "2025.04.18"]
[Round "2.11"]
[White "Loayza, Ignacio"]
[Black "Atri, Jamshid"]
[Result "0-1"]
[WhiteElo "1811"]
[BlackElo "2029"]
[PlyCount "106"]
[EventDate "2025.04.18"]

1. d4 d5 2. Nf3 Bg4 3. Bf4 Nc6 4. c3 e6 5. Nbd2 Nf6 6. h3 Bh5 7. Qa4 Nd7 8. e4
dxe4 9. Nxe4 Bxf3 10. gxf3 a6 11. Qb3 Nb6 12. O-O-O Na5 13. Qc2 Nd5 14. Bd2 b5
15. c4 Nxc4 16. Bxc4 bxc4 17. Qxc4 Qd7 18. Nc5 Qb5 19. Qxb5+ axb5 20. Kb1 Bxc5
21. dxc5 Kd7 22. Bc3 Rhg8 23. Rhg1 g6 24. Bd4 Kc6 25. b3 Rgd8 26. Kb2 b4 27. h4
h5 28. Rd2 Rd7 29. Rgd1 Rad8 30. Kb1 Ne7 31. Kc2 Nd5 32. Kb1 f6 33. Bb2 e5 34.
Rg1 Nf4 35. Rxd7 Rxd7 36. Bc1 Rg7 37. Bxf4 exf4 38. Rd1 g5 39. Rc1 g4 40. fxg4
hxg4 41. Kc2 Kxc5 42. Kd3+ Kd5 43. Ke2 Re7+ 44. Kd3 f5 45. Rc4 f3 46. h5 c5 47.
h6 Rh7 48. Ke3 Rxh6 49. Kf4 Rh2 50. Rc2 Rg2 51. Kxf5 g3 52. Rd2+ Kc6 53. Ke4
gxf2 0-1

[Event "HSK Oster Open 2025"]
[Site "HSK Schachzentrum"]
[Date "2025.04.18"]
[Round "2.12"]
[White "Thürauf, Peter"]
[Black "Pittelkow, Andreas"]
[Result "0-1"]
[WhiteElo "1772"]
[BlackElo "2010"]
[PlyCount "106"]
[EventDate "2025.04.18"]

1. d4 Nf6 2. Nf3 g6 3. c4 Bg7 4. g3 O-O 5. Bg2 d6 6. O-O Nc6 7. h3 e5 8. Be3
Bf5 9. Nc3 Ne4 10. d5 Nxc3 11. bxc3 Na5 12. Nd2 b6 13. Kh2 Bd7 14. Rb1 Qe7 15.
Qc1 h6 16. Nb3 Nxc4 17. Bxh6 f6 18. h4 Bxh6 19. Qxh6 Qg7 20. Qxg7+ Kxg7 21. Bh3
Bxh3 22. Kxh3 Rh8 23. Kg2 Rh5 24. Rh1 Rah8 25. e4 a5 26. Rbe1 a4 27. Nc1 Kf7
28. Rh3 g5 29. Reh1 g4 30. R3h2 Nd2 31. Rd1 Nxe4 32. c4 Rf5 33. Nd3 Rhh5 34.
Rhh1 Rf3 35. Rhe1 Nc3 36. Rd2 a3 37. Nb4 Ke7 38. Nc2 Kd7 39. Ne3 f5 40. Rc2 Na4
41. Rd2 Nc5 42. Rc2 Rh8 43. Nd1 Nd3 44. Ree2 Ke7 45. Rc3 Ra8 46. Re3 e4 47.
Rxf3 gxf3+ 48. Kf1 Nb4 49. Rc1 Nxa2 50. Ra1 Nb4 51. Ne3 Kf6 52. Nd1 a2 53. Nc3
Ra3 0-1

[Event "HSK Oster Open 2025"]
[Site "HSK Schachzentrum"]
[Date "2025.04.18"]
[Round "2.13"]
[White "Hort, Max"]
[Black "Neumann, Hannes"]
[Result "1-0"]
[WhiteElo "2007"]
[BlackElo "1655"]
[PlyCount "67"]
[EventDate "2025.04.18"]

1. d4 Nf6 2. Nf3 g6 3. Bg5 Bg7 4. Nbd2 d5 5. e3 O-O 6. Be2 c5 7. c3 Nc6 8. dxc5
e5 9. O-O Be6 10. b4 h6 11. Bh4 g5 12. Bg3 Nd7 13. h3 f5 14. Nb3 g4 15. hxg4
fxg4 16. Nfd2 h5 17. e4 h4 18. Bh2 g3 19. fxg3 hxg3 20. Bxg3 Qg5 21. exd5 Bxd5
22. Nf3 Bxf3 23. Bxf3 Nf6 24. Qe1 e4 25. Bh4 Qg6 26. Be2 Rae8 27. Rd1 e3 28.
Rd6 Ne5 29. Nd4 Nd3 30. Qb1 Qh6 31. Bxf6 Nf4 32. Bxg7 Qxg7 33. Rxf4 Rxf4 34.
Rg6 1-0

[Event "HSK Oster Open 2025"]
[Site "HSK Schachzentrum"]
[Date "2025.04.18"]
[Round "2.15"]
[White "Busch, Jonathan Luis"]
[Black "Soost, Stefan"]
[Result "1/2-1/2"]
[WhiteElo "1661"]
[BlackElo "1934"]
[PlyCount "42"]
[EventDate "2025.04.18"]

1. e4 c5 2. Nf3 Nc6 3. d4 cxd4 4. Nxd4 Nf6 5. Nc3 e5 6. Nxc6 bxc6 7. Qf3 Be7 8.
Bc4 O-O 9. O-O d6 10. h3 Be6 11. Bb3 Qa5 12. Bd2 Qc7 13. Rfd1 Rad8 14. Be3 Kh8
15. Rac1 Bd7 16. Ne2 Ng8 17. c4 f5 18. exf5 Bxf5 19. Qg3 Nf6 20. Nc3 Bg6 21.
Bc2 Bxc2 1/2-1/2

[Event "HSK Oster Open 2025"]
[Site "HSK Schachzentrum"]
[Date "2025.04.18"]
[Round "2.16"]
[White "Alpers, Arne"]
[Black "Ikwuka, God´sfavour"]
[Result "1-0"]
[WhiteElo "1922"]
[BlackElo "1628"]
[PlyCount "81"]
[EventDate "2025.04.18"]

1. d4 f5 2. Bg5 Nf6 3. Bxf6 exf6 4. e3 Be7 5. Bd3 d6 6. Ne2 c6 7. Nf4 g6 8. h4
Na6 9. c3 Qb6 10. Qc2 Bd7 11. a4 O-O-O 12. Nd2 d5 13. b4 Bd6 14. b5 Nb8 15. O-O
Bxf4 16. exf4 Qc7 17. c4 dxc4 18. Nxc4 Qxf4 19. d5 Be8 20. dxc6 bxc6 21. bxc6
Bxc6 22. Na5 Qc7 23. Nxc6 Qxc6 24. Qb3 Nd7 25. Rab1 Kc7 26. Bb5 Nc5 27. Qf7+
Rd7 28. Qxd7+ Qxd7 29. Bxd7 Kxd7 30. a5 Ne4 31. Rb7+ Kc6 32. Rxa7 h6 33. Rb1
Rd8 34. Rb6+ Kc5 35. Rc7+ Kd5 36. a6 Ra8 37. a7 Nc5 38. Rb8 Na6 39. Rxa8 Nxc7
40. Rc8 Kd6 41. Rxc7 1-0

[Event "HSK Oster Open 2025"]
[Site "HSK Schachzentrum"]
[Date "2025.04.18"]
[Round "2.17"]
[White "Marx, Jakob"]
[Black "Schiller, Thomas"]
[Result "1-0"]
[WhiteElo "1589"]
[BlackElo "1877"]
[PlyCount "41"]
[EventDate "2025.04.18"]

1. e4 e5 2. Nf3 Nf6 3. Bc4 Nc6 4. d3 Be7 5. O-O d6 6. c3 O-O 7. Re1 Na5 8. Bb3
Nxb3 9. Qxb3 Rb8 10. d4 d5 11. dxe5 Nxe4 12. Nbd2 Be6 13. Nd4 Bh4 14. Nxe4 dxe4
15. Nxe6 fxe6 16. Qxe6+ Kh8 17. Be3 Re8 18. Qf5 Qe7 19. Qxe4 Bf6 20. f4 a6 21.
Qf3 1-0

[Event "HSK Oster Open 2025"]
[Site "HSK Schachzentrum"]
[Date "2025.04.18"]
[Round "2.19"]
[White "Pothast, Laurenz"]
[Black "Falke, Ornella"]
[Result "1/2-1/2"]
[WhiteElo "1944"]
[BlackElo "2047"]
[PlyCount "130"]
[EventDate "2025.04.18"]

1. e4 c5 2. Nf3 d6 3. d4 cxd4 4. Nxd4 Nf6 5. Nc3 a6 6. Bg5 e6 7. f4 Be7 8. Qf3
Qc7 9. O-O-O Nbd7 10. g4 h6 11. Bxf6 Bxf6 12. h4 Nb6 13. g5 Bxd4 14. Rxd4 Bd7
15. Qd3 hxg5 16. Rxd6 gxf4 17. e5 O-O-O 18. Ne4 Rh5 19. Qd4 Bc6 20. Bg2 Bxe4
21. Bxe4 Rxd6 22. exd6 Qc5 23. d7+ Nxd7 24. Bxb7+ Kxb7 25. Qxd7+ Qc7 26. Qd4 g5
27. Rh3 g4 28. Rc3 Qe7 29. Qxf4 Rf5 30. Qc4 Ka7 31. Qd4+ Kb7 32. Qe4+ Ka7 33.
Qd4+ Kb7 34. Rb3+ Rb5 35. Rxb5+ axb5 36. Qxg4 Qf6 37. Qg5 Qf1+ 38. Kd2 Qf2+ 39.
Kd3 Kc6 40. h5 Qf3+ 41. Kd4 Qf2+ 42. Ke5 Qxc2 43. Kf6 Qf2+ 44. Ke7 Qxb2 45. h6
Qh8 46. Qg7 Qb8 47. h7 Qa7+ 48. Kf8 Qb8+ 49. Kxf7 Qc7+ 50. Kf6 Qf4+ 51. Kxe6
Qe4+ 52. Kf7 Qd5+ 53. Kg6 Qg2+ 54. Kf6 Qb2+ 55. Kf7 Qxa2+ 56. Kf8 Qa8+ 57. Kf7
Qa7+ 58. Kg8 Qb8+ 59. Qf8 Qg3+ 60. Qg7 Qb8+ 61. Qf8 Qg3+ 62. Kf7 Qf4+ 63. Kg7
Qg4+ 64. Kh8 Qd4+ 65. Kg8 Qg4+ 1/2-1/2

[Event "HSK Oster Open 2025"]
[Site "HSK Schachzentrum"]
[Date "2025.04.18"]
[Round "2.20"]
[White "Fabig, Holger"]
[Black "Rojas Albores, Graciela Ivonne"]
[Result "1-0"]
[WhiteElo "2012"]
[BlackElo "1619"]
[PlyCount "57"]
[EventDate "2025.04.18"]

1. e4 e5 2. d4 exd4 3. c3 dxc3 4. Nxc3 Bb4 5. Bc4 c6 6. Nf3 Bxc3+ 7. bxc3 h6 8.
Qb3 Qe7 9. O-O b5 10. Bd3 d6 11. e5 Be6 12. Qc2 Nd7 13. Ba3 c5 14. Bxb5 Rb8 15.
Qa4 h5 16. exd6 Qxd6 17. Rad1 Qc7 18. Ng5 Ngf6 19. Rfe1 O-O 20. Nxe6 fxe6 21.
Bxd7 Nxd7 22. Rxd7 Qf4 23. Qxf4 Rxf4 24. Bxc5 Rc8 25. g3 Ra4 26. Bd4 Rxa2 27.
Rxe6 Rd2 28. Ree7 Rd1+ 29. Kg2 1-0

[Event "HSK Oster Open 2025"]
[Site "HSK Schachzentrum"]
[Date "2025.04.18"]
[Round "2.21"]
[White "Pavlov, Dmitriy"]
[Black "Schwarzkopf, Jörg"]
[Result "1/2-1/2"]
[WhiteElo "1647"]
[BlackElo "1863"]
[PlyCount "87"]
[EventDate "2025.04.18"]

1. e4 d6 2. d4 Nf6 3. Nc3 e5 4. dxe5 dxe5 5. Qxd8+ Kxd8 6. Bg5 Be6 7. O-O-O+
Kc8 8. Nf3 Nbd7 9. Bxf6 gxf6 10. Nd2 Rg8 11. Kb1 c6 12. f3 Kc7 13. g3 b5 14. a3
b4 15. axb4 Bxb4 16. Na2 Be7 17. Bc4 Rgb8 18. Bxe6 fxe6 19. Nc1 a5 20. c3 a4
21. Kc2 Nc5 22. Nc4 Nb3 23. Nxb3 axb3+ 24. Kd2 Ra4 25. Ne3 Ra2 26. Rb1 Rd8+ 27.
Ke2 Ba3 28. Nc4 Bc5 29. Rhd1 Rb8 30. Kf1 Ra4 31. Nd2 Be3 32. Ke2 Bh6 33. Ra1
Rxa1 34. Rxa1 Bxd2 35. Kxd2 Kd6 36. c4 f5 37. exf5 exf5 38. Kc3 Kc5 39. Re1 Kd6
40. Ra1 Rb7 41. Rd1+ Kc5 42. Re1 Kd6 43. Rd1+ Kc5 44. Re1 1/2-1/2

[Event "HSK Oster Open 2025"]
[Site "HSK Schachzentrum"]
[Date "2025.04.18"]
[Round "2.22"]
[White "Sharma, Rishi"]
[Black "Wang, Kaichen"]
[Result "1-0"]
[WhiteElo "1850"]
[BlackElo "1599"]
[PlyCount "69"]
[EventDate "2025.04.18"]

1. Nf3 c5 2. c4 e6 3. d4 Nf6 4. Nc3 cxd4 5. Nxd4 Bb4 6. Ndb5 a6 7. Nd6+ Bxd6 8.
Qxd6 Qe7 9. Qc7 Qd8 10. Qg3 Nh5 11. Qg4 g6 12. e4 Nc6 13. Be2 b6 14. O-O Bb7
15. Qh3 Ng7 16. Bh6 Qf6 17. Qe3 Nd4 18. e5 Ngf5 19. Qxd4 Qe7 20. Qd2 g5 21.
Bxg5 Rg8 22. f4 h6 23. Bxe7 Rxg2+ 24. Kh1 Rxe2+ 25. Qd5 Bxd5+ 26. cxd5 Rxb2 27.
Bf6 Rc8 28. Rac1 Rb8 29. d6 h5 30. Rg1 Kf8 31. Rg5 Rc8 32. Rcg1 Nh6 33. Be7+
Ke8 34. Rg8+ Nxg8 35. Rxg8# 1-0

[Event "HSK Oster Open 2025"]
[Site "HSK Schachzentrum"]
[Date "2025.04.18"]
[Round "2.23"]
[White "Kock, Rudolf"]
[Black "Perschk, Bendix"]
[Result "0-1"]
[WhiteElo "1627"]
[BlackElo "1769"]
[PlyCount "68"]
[EventDate "2025.04.18"]

1. f4 g6 2. Nf3 Nf6 3. Nc3 d5 4. e3 Bg7 5. a4 c5 6. Ne5 O-O 7. h3 d4 8. exd4
cxd4 9. Na2 Qd5 10. Qf3 Bf5 11. Qxd5 Nxd5 12. Bc4 Nxf4 13. Nxf7 Rxf7 14. O-O
Be6 15. Bxe6 Nxe6 16. Rxf7 Kxf7 17. d3 Na6 18. Bd2 Rc8 19. Rf1+ Ke8 20. Rc1 b6
21. b4 Kd7 22. b5 Nac5 23. a5 Nc7 24. axb6 axb6 25. Rb1 Nd5 26. Nb4 Nxb4 27.
Rxb4 e5 28. Rb2 Kc7 29. Bb4 Kb7 30. Rb1 Rc7 31. Rf1 e4 32. Bxc5 bxc5 33. dxe4
Kb6 34. Rb1 Re7 0-1

[Event "HSK Oster Open 2025"]
[Site "HSK Schachzentrum"]
[Date "2025.04.18"]
[Round "2.24"]
[White "Mkrtchyan, Nona"]
[Black "Fellberg, Justus"]
[Result "0-1"]
[WhiteElo "1599"]
[BlackElo "1746"]
[PlyCount "80"]
[EventDate "2025.04.18"]

1. e4 Nc6 2. d4 d5 3. e5 Bf5 4. Bb5 e6 5. Ne2 Nge7 6. Bg5 h6 7. Bxc6+ bxc6 8.
Bh4 Qb8 9. b3 Bh7 10. Nd2 Nf5 11. Bg3 c5 12. Nf3 Qb6 13. Bf4 cxd4 14. Nfxd4
Bb4+ 15. Kf1 Nxd4 16. Nxd4 Bc3 17. Be3 Bxa1 18. Qxa1 O-O 19. c3 c5 20. Nf3 Rfd8
21. Kg1 Qb5 22. h3 a5 23. Nd2 a4 24. Kh2 Qb8 25. f4 d4 26. cxd4 cxd4 27. Bxd4
Qb4 28. Bc3 Qxf4+ 29. Kg1 Rxd2 30. Bxd2 Qxd2 31. Qf1 Qe3+ 32. Kh2 Qxe5+ 33. g3
Qb2+ 34. Kg1 Rc8 35. Rh2 Qd4+ 36. Rf2 Rc2 37. bxa4 Rxa2 38. a5 Ra1 39. Kh2 Rxf1
40. Rxf1 Be4 0-1

[Event "HSK Oster Open 2025"]
[Site "HSK Schachzentrum"]
[Date "2025.04.18"]
[Round "2.25"]
[White "Erk, Ben"]
[Black "Winklmann, Alexander"]
[Result "0-1"]
[WhiteElo "1743"]
[BlackElo "1593"]
[Annotator "HSK-Turnier"]
[PlyCount "92"]
[EventDate "2025.04.18"]

1. d4 Nf6 2. Nf3 g6 3. Bf4 Bg7 4. Nc3 O-O 5. e4 d6 6. Qd2 Bg4 7. h3 Bxf3 8.
gxf3 Nbd7 9. O-O-O Rc8 10. Bh6 c5 11. Bxg7 Kxg7 12. h4 cxd4 13. Qxd4 Qb6 14.
Qd2 h5 15. Rg1 Ne5 16. Rg3 Rc7 17. Bd3 Nxd3+ 18. cxd3 d5 19. Kb1 d4 20. Ne2
Rfc8 21. Rc1 Rxc1+ 22. Nxc1 Nd7 23. Qg5 Qc7 24. Qd2 Qb6 25. f4 Qf6 26. Rg5 Nf8
27. e5 Qc6 28. Nb3 Ne6 29. Rg1 Qf3 30. Rd1 Qxf4 31. Qxf4 Nxf4 32. Nxd4 Rd8 33.
Nb3 Rxd3 34. Rc1 Rd7 35. Kc2 Rc7+ 36. Kd2 Rxc1 37. Nxc1 Ng2 38. Ne2 Nxh4 39.
Ke3 Nf5+ 40. Kf4 f6 41. e6 Nd6 42. Nc3 g5+ 43. Kg3 Kg6 44. Nd5 Kf5 45. Nxe7+
Kxe6 46. Ng6 f5 {Ab hier unlesbar, Partie hat insg. 57 Züge} 0-1

[Event "HSK Oster Open 2025"]
[Site "HSK Schachzentrum"]
[Date "2025.04.18"]
[Round "2.26"]
[White "Bezverkhiy, Dmitry"]
[Black "Malchereck, Romeo"]
[Result "0-1"]
[WhiteElo "1598"]
[BlackElo "1740"]
[PlyCount "88"]
[EventDate "2025.04.18"]

1. d4 Nf6 2. Bf4 d5 3. e3 e6 4. Nd2 b6 5. Ngf3 Bb7 6. c3 Nbd7 7. Bd3 c5 8. O-O
Be7 9. Re1 O-O 10. Ne5 Nxe5 11. dxe5 Nd7 12. Qh5 g6 13. Qh3 Bg5 14. Bxg5 Qxg5
15. Nf3 Qe7 16. Qh6 Rfd8 17. Ng5 Nf8 18. f4 d4 19. cxd4 cxd4 20. Ne4 Bxe4 21.
Bxe4 Rac8 22. exd4 Rxd4 23. Bf3 Qb4 24. f5 exf5 25. Qe3 Ne6 26. Bd1 Qxb2 27.
Bb3 Re4 28. Qf2 Qxe5 29. Rxe4 fxe4 30. Rd1 e3 31. Qe2 Nd4 32. Qg4 Rd8 33. Bxf7+
Kxf7 34. Rf1+ Kg7 35. h4 e2 36. Re1 Qe3+ 37. Kh2 Qd2 38. Qg3 Ne6 39. Qe5+ Kf7
40. Rxe2 Qd6 41. Rf2+ Ke7 42. Qxd6+ Rxd6 43. Kg3 Rd3+ 44. Kg4 h5# 0-1

[Event "HSK Oster Open 2025"]
[Site "HSK Schachzentrum"]
[Date "2025.04.18"]
[Round "2.28"]
[White "Köhler, Nils"]
[Black "Kollath, Leno"]
[Result "1/2-1/2"]
[WhiteElo "1513"]
[BlackElo "1705"]
[PlyCount "64"]
[EventDate "2025.04.18"]

1. Nf3 d5 2. g3 c5 3. Bg2 Nc6 4. d4 e6 5. O-O Nf6 6. Bf4 Qb6 7. b3 cxd4 8. c3
dxc3 9. Nxc3 Be7 10. Rc1 O-O 11. Be3 Qd8 12. Nd4 Nxd4 13. Bxd4 Bd7 14. Re1 Bc6
15. e4 Bb4 16. exd5 Nxd5 17. Bxd5 Bxd5 18. Bxg7 Kxg7 19. Qd4+ Qf6 20. Qxb4 Bc6
21. Ne4 Qh6 22. Qc3+ f6 23. Qe3 Qh3 24. f3 e5 25. Nc5 Rae8 26. Rcd1 Rf7 27. Ne4
Bxe4 28. Qxe4 a6 29. Rd5 Re6 30. Red1 Rfe7 31. Rd7 Kf7 32. Rxb7 Rxb7 1/2-1/2

[Event "HSK Oster Open 2025"]
[Site "HSK Schachzentrum"]
[Date "2025.04.18"]
[Round "2.29"]
[White "Lasschuit, Rene"]
[Black "Abram, Kristina-Maria"]
[Result "1-0"]
[WhiteElo "1701"]
[BlackElo "1477"]
[PlyCount "57"]
[EventDate "2025.04.18"]

1. c4 Nf6 2. e3 e5 3. a3 Be7 4. b4 b6 5. Bb2 d6 6. Nf3 Bb7 7. d4 e4 8. Nfd2 d5
9. cxd5 Qxd5 10. Nc3 Qg5 11. Qc2 Qg6 12. Nb5 Na6 13. Nxc7+ Nxc7 14. Qxc7 Bd5
15. Rc1 O-O 16. Qxe7 Rfe8 17. Qd6 Rad8 18. Qg3 Qh5 19. Bb5 Re7 20. O-O h6 21.
Rc7 Re6 22. Nc4 Ne8 23. Rxa7 Rg6 24. Qf4 Rf6 25. Qe5 Rf5 26. Qe7 Rc8 27. Ne5
Rf6 28. Bxe8 Re6 29. Bxf7+ 1-0

[Event "HSK Oster Open 2025"]
[Site "HSK Schachzentrum"]
[Date "2025.04.19"]
[Round "3.2"]
[White "Koniahli, Malek"]
[Black "Malchereck, Zion"]
[Result "1-0"]
[WhiteElo "2309"]
[BlackElo "2063"]
[PlyCount "65"]
[EventDate "2025.04.18"]

1. d4 Nf6 2. c4 e6 3. Nc3 Bb4 4. e3 O-O 5. Bd3 d5 6. Nf3 c5 7. O-O cxd4 8. exd4
dxc4 9. Bxc4 Nc6 10. a3 Be7 11. Bb3 Qa5 12. Qe2 Rd8 13. Rd1 b6 14. Bg5 Nxd4 15.
Rxd4 Rxd4 16. Bxf6 Ba6 17. Qe3 Rd7 18. Bxe7 Rxe7 19. Rd1 Rc8 20. Rd5 exd5 21.
Qxe7 Bc4 22. Ne5 Rf8 23. Bc2 Qc5 24. Qh4 f5 25. Nf3 h6 26. Qf4 Qc6 27. h4 Qf6
28. Nd4 Kh8 29. b3 Ba6 30. Nxd5 Qd8 31. Ne6 Qxd5 32. Nxf8 Kg8 33. Ng6 1-0

[Event "HSK Oster Open 2025"]
[Site "HSK Schachzentrum"]
[Date "2025.04.19"]
[Round "3.3"]
[White "Atri, Jamshid"]
[Black "Holinka, Henning"]
[Result "0-1"]
[WhiteElo "2029"]
[BlackElo "2292"]
[PlyCount "136"]
[EventDate "2025.04.18"]

1. e4 g6 2. d4 Bg7 3. Nc3 d6 4. Be3 a6 5. h4 h6 6. Qd2 b5 7. O-O-O Bb7 8. f3
Nd7 9. Kb1 Rc8 10. Nh3 c5 11. Nf2 Qa5 12. Ne2 Qc7 13. Rc1 Nb6 14. Ng3 e6 15. f4
h5 16. dxc5 dxc5 17. Rd1 Nh6 18. Be2 O-O 19. Qd6 Na4 20. Qxc7 Rxc7 21. Bc1 c4
22. Bf3 b4 23. Rd6 Bf6 24. Ne2 Be7 25. Rdd1 Kh7 26. Nh3 f6 27. Nd4 Nc5 28. Rhe1
e5 29. Ne2 Nxe4 30. fxe5 fxe5 31. Neg1 Ng3 32. Bxb7 Rxb7 33. Nf3 Nf7 34. Rd5 e4
35. Nfg5+ Nxg5 36. Nxg5+ Bxg5 37. Rxg5 Rf1 38. Rxf1 Nxf1 39. Re5 Rd7 40. c3
bxc3 41. bxc3 Ng3 42. Kc2 Rf7 43. Be3 Rf1 44. Re7+ Kg8 45. Ra7 Nf5 46. Kd2 Rb1
47. Kc2 Ra1 48. Kb2 Re1 49. Bg5 Re2+ 50. Ka3 Rxg2 51. Rxa6 Kf7 52. Rf6+ Kg7 53.
Re6 e3 54. Bxe3 Kf7 55. Re4 Re2 56. Rxc4 Nxe3 57. Rc6 Rh2 58. Kb3 Rxh4 59. a4
Rc4 60. Rd6 Rc7 61. Rd4 g5 62. a5 h4 63. Rd3 Nc4 64. a6 g4 65. Rd4 Ne5 66. Rb4
h3 67. Rb7 Rxb7+ 68. axb7 Nd7 0-1